[Event "COL-ch U20"]
[Site "Tolima"]
[Date "2020.02.14"]
[Round "4"]
[White "Ruiz Orozco, Neider Santiago"]
[Black "Reyes Caicedo, Joseph Alejandro"]
[Result "1-0"]
[WhiteElo "1360"]
[BlackElo "1600"]
[PlyCount "63"]
[EventDate "2020.02.12"]
[EventType "swiss"]
[EventRounds "7"]
[EventCountry "COL"]
[SourceTitle "CBM 195 Extra"]
[Source "ChessBase"]
[SourceDate "2020.05.31"]
[SourceVersion "1"]
[SourceVersionDate "2020.05.31"]
[SourceQuality "1"]

1. e4 c5 2. Nf3 Nc6 3. d4 cxd4 4. Nxd4 Nf6 5. Nc3 Qb6 6. Nb3 e6 7. Be3 Qc7 8. Be2 Bb4 9. 0-0 Bxc3 10. bxc3 Nxe4 11. Qd3 Nf6 12. Bc5 Ne7 13. Bd6 Qd8 14. Nd4 a6 15. Bf3 Nc6 16. Rfe1 Ne7 17. Nf5 Nxf5 18. Qxf5 Ng8 19. Qf4 Qf6 20. Qb4 a5 21. Qc5 Ne7 22. Rab1 Nc6 23. Rb6 Qd8 24. Reb1 f6 25. Qh5+ g6 26. Qh6 Kf7 27. h4 Qg8 28. Qf4 Qg7 29. Kf1 f5 30. Bxc6 bxc6 31. Be5 Ba6+ 32. Rxa6 1-0

[Event "COL-ch U20"]
[Site "Tolima"]
[Date "2020.02.13"]
[Round "2"]
[White "Alvarez Angel, Nelson Eduardo"]
[Black "Reyes Caicedo, Joseph Alejandro"]
[Result "1-0"]
[WhiteElo "2038"]
[BlackElo "1600"]
[PlyCount "41"]
[EventDate "2020.02.12"]
[EventType "swiss"]
[EventRounds "7"]
[EventCountry "COL"]
[SourceTitle "CBM 195 Extra"]
[Source "ChessBase"]
[SourceDate "2020.05.31"]
[SourceVersion "1"]
[SourceVersionDate "2020.05.31"]
[SourceQuality "1"]

1. d4 Nf6 2. c4 c5 3. d5 b5 4. cxb5 a6 5. bxa6 Bxa6 6. Nc3 d6 7. g3 Nbd7 8. Bg2 g6 9. h4 Bg7 10. Nh3 0-0 11. Nf4 h5 12. 0-0 Qb6 13. Qc2 Rfb8 14. b3 Ng4 15. Bh3 Ndf6 16. Rb1 Bc8 17. Kg2 Ne5 18. Bxc8 Rxc8 19. a4 Nfd7 20. Nb5 Kh7 21. Nxh5 1-0

[Event "Tolima Departament-ch U18"]
[Site "Tolima"]
[Date "2020.01.09"]
[Round "5"]
[White "Reyes Caicedo, Joseph Alejandro"]
[Black "Ruiz Orozco, Neider Santiago"]
[Result "1/2-1/2"]
[WhiteElo "1603"]
[BlackElo "1360"]
[PlyCount "68"]
[EventDate "2020.01.07"]
[EventType "swiss"]
[EventRounds "5"]
[EventCountry "COL"]
[SourceTitle "CBM 195 Extra"]
[Source "ChessBase"]
[SourceDate "2020.05.31"]
[SourceVersion "1"]
[SourceVersionDate "2020.05.31"]
[SourceQuality "1"]

1. e4 e5 2. Nf3 Nc6 3. Bc4 Bc5 4. c3 d6 5. d4 Bb6 6. dxe5 dxe5 7. 0-0 Qxd1 8. Rxd1 Nf6 9. Re1 0-0 10. h3 Na5 11. Bb5 a6 12. Ba4 Be6 13. b4 Nc4 14. Bb3 Rfe8 15. Bg5 a5 16. Nbd2 Nxd2 17. Bxd2 Bxb3 18. axb3 axb4 19. Rxa8 Rxa8 20. cxb4 Ra2 21. Be3 Bxe3 22. Rxe3 Kf8 23. Nxe5 Ke7 24. g4 Ke6 25. f4 h5 26. g5 Nd7 27. Nf3 Ra6 28. Nd4+ Ke7 29. Nf5+ Kf8 30. Rd3 g6 31. Rxd7 gxf5 32. exf5 Rc6 33. Rd8+ Kg7 34. f6+ Kg6 1/2-1/2

[Event "Tolima Departament-ch U18"]
[Site "Tolima"]
[Date "2020.01.08"]
[Round "2"]
[White "Reyes Caicedo, Joseph Alejandro"]
[Black "Gil Giraldo, Oscar Leandro"]
[Result "0-1"]
[WhiteElo "1603"]
[BlackElo "1538"]
[PlyCount "48"]
[EventDate "2020.01.07"]
[EventType "swiss"]
[EventRounds "5"]
[EventCountry "COL"]
[SourceTitle "CBM 195 Extra"]
[Source "ChessBase"]
[SourceDate "2020.05.31"]
[SourceVersion "1"]
[SourceVersionDate "2020.05.31"]
[SourceQuality "1"]

1. e4 c5 2. Nf3 d6 3. d4 cxd4 4. Nxd4 Nf6 5. Bd3 g6 6. c4 Bg7 7. Ne2 0-0 8. Nbc3 Nc6 9. Be3 e6 10. Bc2 b6 11. Qd2 Bb7 12. f3 Ne5 13. b3 d5 14. exd5 exd5 15. cxd5 Nxd5 16. Rd1 Nxe3 17. Qxe3 Qc7 18. Rc1 Rfe8 19. Qf4 Nxf3+ 20. Kf2 Qxf4 21. Nxf4 Bd4+ 22. Kg3 Re3 23. Nb5 Ne5+ 24. Kf2 Rxb3+ 0-1

[Event "Tunja Boyaca op-B"]
[Site "Tunja"]
[Date "2019.08.03"]
[Round "6"]
[White "Fajardo Devia, Nicolas Esteban"]
[Black "Reyes Caicedo, Joseph Alejandro"]
[Result "0-1"]
[WhiteElo "1408"]
[BlackElo "1567"]
[PlyCount "60"]
[EventDate "2019.07.31"]
[EventType "swiss"]
[EventRounds "9"]
[EventCountry "COL"]
[SourceTitle "EXT 2020"]
[Source "ChessBase"]
[SourceDate "2019.10.17"]
[SourceVersion "1"]
[SourceVersionDate "2019.10.17"]
[SourceQuality "1"]

1. e4 c5 2. Nf3 e6 3. Nc3 a6 4. a4 b6 5. d4 cxd4 6. Nxd4 d6 7. Be3 Nf6 8. f4 Bb7 9. e5 dxe5 10. fxe5 Ne4 11. Nxe4 Bxe4 12. Qe2 Qc7 13. Qc4 Qxc4 14. Bxc4 Bxg2 15. Rg1 Bb7 16. Nb3 Nd7 17. Bd4 g6 18. a5 b5 19. Be2 Bg7 20. 0-0-0 Bxe5 21. Bxe5 Nxe5 22. Nc5 Bc8 23. Rd6 Ke7 24. Rb6 Rd8 25. Re1 Rd6 26. Bxb5 Rxb6 27. axb6 axb5 28. Rxe5 Rb8 29. Nb3 Rxb6 30. Rc5 Ba6 0-1